| 000 | 00700nam a2200229 a 4500 | ||
|---|---|---|---|
| 005 | 20230325063524.0 | ||
| 008 | 090602s2003 mx r 000 0 spa d | ||
| 020 | _a8425514649 | ||
| 035 | _aUPN01000170871 | ||
| 049 | _aCG | ||
| 050 | 4 |
_aHV4998 _bD7.2 |
|
| 100 | 1 | _aDryden, Windy | |
| 245 | 1 | 0 |
_aCómo superar las adicciones / _cWindy Dryden, Walter Matweychuk. |
| 260 |
_aBarcelona, Esp. : _bHispano Europea, _c2003. |
||
| 300 | _a94 p. | ||
| 440 | 0 |
_aVivir mejor. _pGuías de crecimiento personal |
|
| 534 |
_pTítulo original: _tOvercoming your addictions |
||
| 650 | 4 |
_aAbuso de sustancias _911947 |
|
| 650 | 2 |
_aAdicción _9408 |
|
| 700 | 1 |
_aMatweychuk, Walter, _ecoaut. |
|
| 905 | _aLibro | ||
| 999 |
_c142976 _d142976 |
||